Conferencias patrióticas / (Record no. 159954)

MARC details
000 -LEADER
campo de control de longitud fija 00941nam a22002295i 4500
001 - NÚMERO DE CONTROL
campo de control 159954
003 - IDENTIFICADOR DE NÚMERO DE CONTROL
campo de control ES-MaACL
005 - FECHA Y HORA DE LA ÚLTIMA TRANSACCIÓN
campo de control 20250717065807.0
008 - DATOS DE LONGITUD FIJA--INFORMACIÓN GENERAL
campo de control de longitud fija 971222s1897 sp a |||| | spa d
040 ## - FUENTE DE CATALOGACIÓN
Centro catalogador/agencia de origen AR
Lengua de catalogación spa
Centro/agencia transcriptor AR
100 1# - ENTRADA PRINCIPAL--NOMBRE DE PERSONA
Nombre de persona Monedero Ordoñez, Dionisio.
9 (RLIN) 82160
245 10 - MENCIÓN DEL TÍTULO
Título Conferencias patrióticas /
Mención de responsabilidad, etc. por Dionisio Monedero Ordóñez ; con un prólogo del Sr. D. Rafael Alvarez Sereix.
250 ## - MENCION DE EDICION
Mención de edición 2ª ed.
260 ## - PUBLICACIÓN, DISTRIBUCIÓN, ETC.
Lugar de publicación, distribución, etc. Burgos :
Nombre del editor, distribuidor, etc. Imp. y lib. del Centro Católico,
Fecha de publicación, distribución, etc. 1897.
300 ## - DESCRIPCIÓN FÍSICA
Extensión 246 p., [1] h. de lám. ;
Dimensiones 21 cm.
594 ## - Nota al título y mención de responsabilidad
Nota al título y mención de responsabilidad Obra declarada de texto para las Escuelas de Instrucción Primaria por Real Orden de 4 de mayo de 1896.
597 ## - NOTA DE DESCRIPCIÓN FÍSICA
NOTA DE DESCRIPCIÓN FÍSICA H. de lám. litogr., retrato del autor.
700 1# - ENTRADA AGREGADA--NOMBRE PERSONAL
Nombre de persona Álvarez Sereix, Rafael,
Fechas asociadas al nombre 1856-1946
9 (RLIN) 20966
852 ## - LOCALIZACIÓN
Ubicación ES-MaACL
Número de control de estantería G-13508
Nota libre -- Enc. cartón
852 ## - LOCALIZACIÓN
Ubicación ES-MaACL
Número de control de estantería C-971
Nota libre -- Enc. cartón
-- -- Legado M. de la Fuente
Holdings
Estatus retirado Estado de pérdida Estado de daño No para préstamo Colección Biblioteca de origen Biblioteca actual Ubicación en estantería Fecha de adquisición Fuente de adquisición Total de préstamos Signatura topográfica completa Código de barras Visto por última vez Precio de reemplazo Tipo de ítem Koha
        Libros del s. XIX Biblioteca del Ateneo de Madrid Biblioteca del Ateneo de Madrid Sala Palomar 17/01/2008     C-971 1167457 23/02/2023 23/02/2023 Libro impreso antiguo
        Libros del s. XIX Biblioteca del Ateneo de Madrid Biblioteca del Ateneo de Madrid Sala Pecera Planta 3 17/01/2008     G-13508 1167456 23/02/2023 23/02/2023 Libro impreso antiguo